Statistics for "Hello" in 20 Languages

Click here to take the quiz!

General Stats

  • This quiz has been taken 94 times
    (75 since last reset)
  • The average score is 10 of 20

Answer Stats

HintAnswer% Correct
BonjourFrench
100%
HolaSpanish
89%
CiaoItalian
88%
你好Chinese
75%
여보세요Korean
75%
مرحباArabic
73%
こんにちはJapanese
73%
OláPortuguese
72%
שלוםHebrew
59%
HallåSwedish
58%
CześćPolish
48%
SalveLatin
41%
MerhabaTurkish
41%
Chào bạnVietnamese
38%
ԲարեւArmenian
34%
AhojCzech
30%
BunaRomanian
19%
SawubonaZulu
16%
KamustaFilipino
13%
HeloWelsh
8%

Score Distribution

Percentile by Number Answered

Percent of People with Each Score

Your Score History

You have not taken this quiz since the last reset